Porovnanie systému národných účtov a systému bilancie národného hospodárstva Metodologické vzťahy

Guardado en:
Detalles Bibliográficos
Formato: Libro
Lenguaje:eslovaco
Publicado: Bratislava Ekon. ústav SAV 1987
Edición:1. vyd.
Etiquetas: Agregar Etiqueta
Sin Etiquetas, Sea el primero en etiquetar este registro!

MARC

LEADER 00000nam a2200000 4500
001 c028386
005 20221219094936.9
041 0 |a slo 
044 |a SK 
245 1 0 |a Porovnanie systému národných účtov a systému bilancie národného hospodárstva  |b Metodologické vzťahy 
250 |a 1. vyd. 
264 1 |a Bratislava  |b Ekon. ústav SAV  |c 1987 
300 |a 128 s.